|
|
|
|
| LEADER |
00000nam0a2200000 4500 |
| 001 |
286055 |
| 005 |
20231101235844.0 |
| 020 |
|
|
|a RU
|b 85-43256
|
| 035 |
|
|
|a (RuTPU)RU\TPU\book\310344
|
| 090 |
|
|
|a 286055
|
| 100 |
|
|
|a 20150303d1985 km y0rusy5003 ca
|
| 101 |
0 |
|
|a rus
|
| 102 |
|
|
|a RU
|
| 105 |
|
|
|a a z 000zd
|
| 200 |
1 |
|
|a Сова Минервы
|f Г. Н. Волков
|
| 205 |
|
|
|a 2-е изд.
|
| 210 |
|
|
|a Москва
|c Молодая гвардия
|d 1985
|
| 215 |
|
|
|a 255 с.
|c ил.
|
| 600 |
|
1 |
|a Гегель
|g Георг Вильгельм Фридрих
|b Г. В. Ф.
|c немецкий философ
|f 1770-1831
|2 stltpush
|3 (RuTPU)RU\TPU\pers\947
|
| 600 |
|
1 |
|a Гёте
|b И. В.
|c немецкий писатель
|f 1749-1832
|g Иоганн Вольфганг фон
|2 stltpush
|3 (RuTPU)RU\TPU\pers\1452
|9 641
|
| 606 |
1 |
|
|a Немецкая философия
|z 17 - 1 пол. 19 в.
|2 stltpush
|3 (RuTPU)RU\TPU\subj\45372
|9 64616
|
| 610 |
1 |
|
|a 18 век
|
| 610 |
1 |
|
|a немецкая литература
|
| 610 |
1 |
|
|a история
|
| 610 |
1 |
|
|a Германия
|
| 610 |
1 |
|
|a духовная культура
|
| 610 |
1 |
|
|a искусство
|
| 610 |
1 |
|
|a естествознание
|
| 610 |
1 |
|
|a творческие портреты
|
| 686 |
|
|
|a Ю3(4Г)5
|2 rubbk
|
| 700 |
|
1 |
|a Волков
|b Г. Н.
|g Генрих Николаевич
|4 070
|
| 801 |
|
0 |
|a RU
|b RuMRKP
|c 19950704
|g psbo
|
| 801 |
|
1 |
|a RU
|b 63413507
|c 20150303
|
| 801 |
|
2 |
|a RU
|b 63413507
|c 20180221
|g RCR
|
| 942 |
|
|
|c BK
|